[Event "Women's Baku Chess Olympiad"]
[Site "chess24.com"]
[Date "2016.09.09"]
[Round "7"]
[White "Peng, Zhaoqin"]
[Black "Dzagnidze, Nana"]
[Result "1/2-1/2"]
[Board "1"]
[WhiteID "1004786"]
[WhiteElo "2368"]
[WhiteTitle "GM"]
[WhiteCountry "NED"]
[WhiteFideId "1004786"]
[WhiteEloChange "4"]
[BlackID "13601903"]
[BlackElo "2522"]
[BlackTitle "GM"]
[BlackCountry "GEO"]
[BlackFideId "13601903"]
[BlackEloChange "-2"]

1. d4 {[%clk 1:30:57]} Nf6 {[%clk 1:30:53]} 2. c4 {[%clk 1:31:24]} e6 {[%clk
1:31:14]} 3. Nc3 {[%clk 1:31:47]} Bb4 {[%clk 1:31:33]} 4. e3 {[%clk 1:32:09]} O-O
{[%clk 1:31:31]} 5. Ne2 {[%clk 1:32:35]} Re8 {[%clk 1:30:37]} 6. a3 {[%clk
1:32:53]} Bf8 {[%clk 1:30:55]} 7. Ng3 {[%clk 1:30:25]} d5 {[%clk 1:30:14]} 8. Be2
{[%clk 1:28:52]} dxc4 {[%clk 1:25:53]} 9. O-O {[%clk 1:28:09]} b6 {[%clk
1:19:01]} 10. Bxc4 {[%clk 1:27:56]} Bb7 {[%clk 1:19:22]} 11. e4 {[%clk 1:16:15]}
c5 {[%clk 1:16:06]} 12. d5 {[%clk 1:16:07]} exd5 {[%clk 1:15:47]} 13. exd5 {[%clk
1:16:33]} Nbd7 {[%clk 1:13:14]} 14. Bf4 {[%clk 1:11:07]} a6 {[%clk 1:06:22]} 15.
a4 {[%clk 1:11:24]} Ne5 {[%clk 1:05:55]} 16. Bxe5 {[%clk 1:01:02]} Rxe5 {[%clk
1:06:18]} 17. Qd3 {[%clk 1:01:17]} b5 {[%clk 0:57:43]} 18. axb5 {[%clk 1:01:25]}
axb5 {[%clk 0:58:11]} 19. Bxb5 {[%clk 0:54:10]} Nxd5 {[%clk 0:56:16]} 20. Nxd5
{[%clk 0:41:01]} Rxd5 {[%clk 0:49:26]} 21. Qb3 {[%clk 0:41:02]} Rxa1 {[%clk
0:46:41]} 22. Rxa1 {[%clk 0:41:26]} Rd2 {[%clk 0:46:45]} 23. Bc4 {[%clk 0:40:03]}
Rd7 {[%clk 0:26:52]} 24. Ra7 {[%clk 0:30:22]} Qe7 {[%clk 0:27:01]} 25. Qe3 {[%clk
0:18:25]} Qxe3 {[%clk 0:23:49]} 26. fxe3 {[%clk 0:18:51]} g6 {[%clk 0:24:08]} 27.
Nf1 {[%clk 0:12:47]} Bc6 {[%clk 0:15:05]} 28. Rxd7 {[%clk 0:13:12]} Bxd7 {[%clk
0:15:32]} 29. Bd5 {[%clk 0:10:44]} Bg7 {[%clk 0:11:20]} 30. b3 {[%clk 0:11:10]}
Kf8 {[%clk 0:08:24]} 31. Nd2 {[%clk 0:11:23]} f5 {[%clk 0:07:13]} 32. Nc4 {[%clk
0:11:20]} Ke7 {[%clk 0:07:36]} 33. Kf2 {[%clk 0:10:36]} Bb5 {[%clk 0:04:52]} 34.
h4 {[%clk 0:09:08]} Bf6 {[%clk 0:04:33]} 35. g3 {[%clk 0:09:24]} Bd7 {[%clk
0:03:42]} 36. Kf3 {[%clk 0:08:00]} Bc3 {[%clk 0:02:55]} 37. Ke2 {[%clk 0:04:12]}
Bb5 {[%clk 0:02:39]} 38. Kf2 {[%clk 0:04:30]} Kf6 {[%clk 0:01:09]} 39. Ke2 {[%clk
0:03:22]} Be5 {[%clk 0:01:25]} 40. Kf2 {[%clk 0:32:59]} Bc7 {[%clk 0:31:48]} 41.
Kf3 {[%clk 0:32:27]} Bd7 {[%clk 0:30:50]} 42. Kf2 {[%clk 0:32:25]} Be6 {[%clk
0:27:48]} 43. Bc6 {[%clk 0:29:40]} h6 {[%clk 0:22:33]} 44. Kf3 {[%clk 0:29:20]}
Bf7 {[%clk 0:19:43]} 45. Kf2 {[%clk 0:22:17]} g5 {[%clk 0:19:33]} 46. hxg5+
{[%clk 0:22:35]} hxg5 {[%clk 0:19:16]} 47. e4 {[%clk 0:17:16]} fxe4 {[%clk
0:14:03]} 48. Bxe4 {[%clk 0:17:36]} Be5 {[%clk 0:14:07]} 49. g4 {[%clk 0:17:06]}
Bd4+ {[%clk 0:13:38]} 50. Kf3 {[%clk 0:17:29]} Be6 {[%clk 0:13:56]} 51. Bc2
{[%clk 0:12:25]} Bd5+ {[%clk 0:13:35]} 52. Be4 {[%clk 0:12:35]} Bxc4 {[%clk
0:13:41]} 1/2-1/2

[Event "Women's Baku Chess Olympiad"]
[Site "chess24.com"]
[Date "2016.09.09"]
[Round "7"]
[White "Ovezdurdiyeva, Jemal"]
[Black "Pavlidou, Ekaterini"]
[Result "1-0"]
[Board "2"]
[WhiteID "14001888"]
[WhiteElo "2031"]
[WhiteTitle "WFM"]
[WhiteCountry "TKM"]
[WhiteFideId "14001888"]
[WhiteEloChange "13"]
[BlackID "4213262"]
[BlackElo "2140"]
[BlackTitle "WIM"]
[BlackCountry "GRE"]
[BlackFideId "4213262"]
[BlackEloChange "-13"]

1. d4 {[%clk 1:30:56]} Nf6 {[%clk 1:30:36]} 2. c4 {[%clk 1:31:23]} e6 {[%clk
1:30:42]} 3. Nc3 {[%clk 1:31:47]} Bb4 {[%clk 1:31:00]} 4. e3 {[%clk 1:32:12]} O-O
{[%clk 1:30:47]} 5. Ne2 {[%clk 1:32:34]} d5 {[%clk 1:27:30]} 6. a3 {[%clk
1:32:59]} Be7 {[%clk 1:26:45]} 7. cxd5 {[%clk 1:33:22]} exd5 {[%clk 1:26:56]} 8.
Nf4 {[%clk 1:33:42]} c6 {[%clk 1:23:51]} 9. Bd3 {[%clk 1:34:06]} Re8 {[%clk
1:22:56]} 10. O-O {[%clk 1:34:30]} Bf8 {[%clk 1:22:23]} 11. Bc2 {[%clk 1:33:06]}
Nbd7 {[%clk 1:20:29]} 12. f3 {[%clk 1:28:54]} Nb6 {[%clk 1:17:58]} 13. Qd3 {[%clk
1:06:27]} g6 {[%clk 1:14:25]} 14. e4 {[%clk 1:00:07]} c5 {[%clk 1:09:35]} 15. Be3
{[%clk 0:50:22]} dxe4 {[%clk 1:01:42]} 16. Nxe4 {[%clk 0:50:13]} Bf5 {[%clk
0:52:18]} 17. dxc5 {[%clk 0:43:25]} Nbd7 {[%clk 0:39:49]} 18. Qc4 {[%clk
0:31:04]} Ne5 {[%clk 0:24:10]} 19. Qa2 {[%clk 0:26:15]} Bxe4 {[%clk 0:24:10]} 20.
Bxe4 {[%clk 0:14:13]} Neg4 {[%clk 0:18:25]} 21. fxg4 {[%clk 0:09:27]} Rxe4 {[%clk
0:18:18]} 22. g5 {[%clk 0:05:30]} Ng4 {[%clk 0:13:07]} 23. Nd5 {[%clk 0:04:10]}
Rxe3 {[%clk 0:07:32]} 24. Nxe3 {[%clk 0:04:30]} Bxc5 {[%clk 0:07:51]} 25. Rxf7
{[%clk 0:03:08]} Bxe3+ {[%clk 0:08:16]} 26. Kh1 {[%clk 0:03:35]} Kh8 {[%clk
0:08:06]} 27. b4 {[%clk 0:03:05]} Qd6 {[%clk 0:07:14]} 28. g3 {[%clk 0:02:14]}
Rd8 {[%clk 0:03:38]} 29. Raf1 {[%clk 0:02:06]} Qc6+ {[%clk 0:03:10]} 30. Qg2
{[%clk 0:01:51]} Qxg2+ {[%clk 0:03:31]} 31. Kxg2 {[%clk 0:02:20]} Bxg5 {[%clk
0:03:16]} 32. Rf8+ {[%clk 0:02:22]} Rxf8 {[%clk 0:03:10]} 33. Rxf8+ {[%clk
0:02:42]} Kg7 {[%clk 0:03:36]} 34. Rb8 {[%clk 0:03:00]} b6 {[%clk 0:02:50]} 35.
Rb7+ {[%clk 0:03:26]} Kh6 {[%clk 0:02:13]} 36. Rxa7 {[%clk 0:01:59]} Ne3+ {[%clk
0:02:36]} 37. Kf3 {[%clk 0:02:12]} Nc2 {[%clk 0:02:52]} 38. Rb7 {[%clk 0:01:57]}
b5 {[%clk 0:03:16]} 39. h4 {[%clk 0:01:58]} Bf6 {[%clk 0:02:39]} 40. Ra7 {[%clk
0:30:34]} Nd4+ {[%clk 0:31:11]} 41. Ke4 {[%clk 0:24:21]} Ne2 {[%clk 0:29:46]} 42.
Kf3 {[%clk 0:23:13]} Nd4+ {[%clk 0:28:44]} 43. Ke4 {[%clk 0:22:51]} Nf5 {[%clk
0:28:25]} 44. Kf4 {[%clk 0:23:10]} Nd4 {[%clk 0:17:24]} 45. Rf7 {[%clk 0:21:06]}
Bd8 {[%clk 0:15:50]} 46. Rd7 {[%clk 0:18:12]} Bf6 {[%clk 0:11:39]} 47. Rd6 {[%clk
0:16:40]} Kg7 {[%clk 0:10:06]} 48. Rd7+ {[%clk 0:12:16]} Kg8 {[%clk 0:10:11]} 49.
Rd5 {[%clk 0:11:57]} Kf7 {[%clk 0:08:47]} 50. Rd7+ {[%clk 0:09:51]} Kg8 {[%clk
0:08:58]} 51. Rb7 {[%clk 0:09:52]} Ne2+ {[%clk 0:08:59]} 52. Kf3 {[%clk 0:09:39]}
Nd4+ {[%clk 0:09:17]} 53. Ke4 {[%clk 0:07:44]} Ne2 {[%clk 0:08:29]} 54. Kd3
{[%clk 0:05:24]} Nxg3 {[%clk 0:05:21]} 55. Rxb5 {[%clk 0:05:49]} Bxh4 {[%clk
0:05:38]} 56. a4 {[%clk 0:05:42]} Nf5 {[%clk 0:04:20]} 57. a5 {[%clk 0:05:46]}
Bf2 {[%clk 0:04:14]} 58. a6 {[%clk 0:06:09]} h5 {[%clk 0:03:57]} 59. Rc5 {[%clk
0:04:00]} 1-0

[Event "Women's Baku Chess Olympiad"]
[Site "chess24.com"]
[Date "2016.09.09"]
[Round "7"]
[White "Santeramo, Alessia"]
[Black "Gutmakher, Olga"]
[Result "0-1"]
[Board "4"]
[WhiteID "850810"]
[WhiteElo "2001"]
[WhiteTitle "WFM"]
[WhiteCountry "ITA"]
[WhiteFideId "850810"]
[WhiteEloChange "-4"]
[BlackID "2807602"]
[BlackElo "2216"]
[BlackTitle "WIM"]
[BlackCountry "ISR"]
[BlackFideId "2807602"]
[BlackEloChange "4"]

1. e4 {[%clk 1:30:58]} c5 {[%clk 1:30:52]} 2. Nf3 {[%clk 1:31:18]} Nc6 {[%clk
1:31:12]} 3. d4 {[%clk 1:31:21]} cxd4 {[%clk 1:31:32]} 4. Nxd4 {[%clk 1:31:43]}
Nf6 {[%clk 1:31:56]} 5. Nc3 {[%clk 1:32:06]} e6 {[%clk 1:32:05]} 6. g3 {[%clk
1:19:46]} Bb4 {[%clk 1:25:34]} 7. Bg2 {[%clk 1:19:36]} Qa5 {[%clk 1:19:22]} 8.
Ne2 {[%clk 1:05:30]} a6 {[%clk 1:13:44]} 9. O-O {[%clk 1:05:33]} h5 {[%clk
1:12:50]} 10. h3 {[%clk 0:57:23]} h4 {[%clk 1:09:38]} 11. g4 {[%clk 0:57:29]} Ne5
{[%clk 1:04:26]} 12. Bf4 {[%clk 0:34:51]} Nfxg4 {[%clk 0:58:07]} 13. hxg4 {[%clk
0:32:56]} h3 {[%clk 0:58:14]} 14. Bh1 {[%clk 0:33:19]} h2+ {[%clk 0:54:35]} 15.
Kg2 {[%clk 0:32:07]} Nxg4 {[%clk 0:52:48]} 16. Ng3 {[%clk 0:32:13]} Nf6 {[%clk
0:49:43]} 17. Qf3 {[%clk 0:25:30]} d6 {[%clk 0:40:38]} 18. Bd2 {[%clk 0:18:34]}
e5 {[%clk 0:33:53]} 19. Nf5 {[%clk 0:17:30]} Bxf5 {[%clk 0:33:53]} 20. exf5
{[%clk 0:14:50]} Qc7 {[%clk 0:27:56]} 21. Rfe1 {[%clk 0:10:23]} O-O-O {[%clk
0:24:57]} 22. Nd5 {[%clk 0:06:55]} Nxd5 {[%clk 0:21:01]} 23. Qxd5 {[%clk
0:07:21]} Bxd2 {[%clk 0:19:52]} 24. Qxd2 {[%clk 0:07:49]} Rh4 {[%clk 0:17:00]}
25. Re3 {[%clk 0:05:48]} Kb8 {[%clk 0:15:47]} 26. Kf1 {[%clk 0:03:31]} f6 {[%clk
0:13:05]} 27. Rc3 {[%clk 0:02:57]} Qd7 {[%clk 0:13:06]} 28. Qd5 {[%clk 0:03:06]}
Rd4 {[%clk 0:12:25]} 29. Qb3 {[%clk 0:02:18]} Rh8 {[%clk 0:11:04]} 30. Re1 {[%clk
0:01:22]} Rhh4 {[%clk 0:10:00]} 31. Qg8+ {[%clk 0:01:44]} Ka7 {[%clk 0:10:20]}
32. Rb3 {[%clk 0:02:03]} Rb4 {[%clk 0:08:43]} 33. c3 {[%clk 0:02:19]} Qb5+ {[%clk
0:08:24]} 34. Re2 {[%clk 0:01:47]} Rhg4 {[%clk 0:08:13]} 35. Bg2 {[%clk 0:01:24]}
Rxg2 {[%clk 0:07:25]} 36. Kxg2 {[%clk 0:01:45]} Rg4+ {[%clk 0:07:41]} 37. Kxh2
{[%clk 0:01:56]} Qxe2 {[%clk 0:07:18]} 38. Rxb7+ {[%clk 0:01:59]} Kxb7 {[%clk
0:07:34]} 39. Qd5+ {[%clk 0:01:47]} Kc7 {[%clk 0:07:21]} 40. Qf7+ {[%clk
0:32:12]} Kb6 {[%clk 0:37:18]} 41. Qb3+ {[%clk 0:31:46]} Qb5 {[%clk 0:37:32]} 42.
Qd1 {[%clk 0:31:53]} Rc4 {[%clk 0:35:26]} 43. Qxd6+ {[%clk 0:32:08]} Qc6 {[%clk
0:35:19]} 44. Qb8+ {[%clk 0:32:04]} Kc5 {[%clk 0:34:45]} 45. Qa7+ {[%clk
0:30:01]} Kd5 {[%clk 0:34:42]} 46. Qxg7 {[%clk 0:30:00]} Rf4 {[%clk 0:31:10]} 47.
Qg8+ {[%clk 0:28:49]} Kc5 {[%clk 0:30:39]} 48. Qf8+ {[%clk 0:26:43]} Kc4 {[%clk
0:29:34]} 49. Qg8+ {[%clk 0:26:25]} Kd3 {[%clk 0:29:04]} 50. Qg3+ {[%clk
0:25:46]} Qf3 {[%clk 0:29:14]} 0-1

[Event "Women's Baku Chess Olympiad"]
[Site "chess24.com"]
[Date "2016.09.09"]
[Round "7"]
[White "Dauletova, Gulmira"]
[Black "Batchimeg, Tuvshintugs"]
[Result "1-0"]
[Board "2"]
[WhiteID "13702971"]
[WhiteElo "2275"]
[WhiteTitle "WIM"]
[WhiteCountry "KAZ"]
[WhiteFideId "13702971"]
[WhiteEloChange "13"]
[BlackID "4900839"]
[BlackElo "2391"]
[BlackTitle "IM"]
[BlackCountry "MGL"]
[BlackFideId "4900839"]
[BlackEloChange "-13"]

1. e4 {[%clk 1:30:47]} e5 {[%clk 1:30:40]} 2. Nf3 {[%clk 1:30:56]} Nc6 {[%clk
1:31:02]} 3. Bb5 {[%clk 1:31:08]} a6 {[%clk 1:31:12]} 4. Ba4 {[%clk 1:31:28]} Nf6
{[%clk 1:31:26]} 5. O-O {[%clk 1:31:38]} Be7 {[%clk 1:30:44]} 6. Re1 {[%clk
1:31:50]} b5 {[%clk 1:31:02]} 7. Bb3 {[%clk 1:32:12]} d6 {[%clk 1:31:23]} 8. c3
{[%clk 1:32:32]} O-O {[%clk 1:31:47]} 9. h3 {[%clk 1:32:59]} Na5 {[%clk 1:28:35]}
10. Bc2 {[%clk 1:33:18]} c5 {[%clk 1:28:45]} 11. d4 {[%clk 1:33:09]} Qc7 {[%clk
1:29:05]} 12. d5 {[%clk 1:32:55]} c4 {[%clk 1:22:31]} 13. b4 {[%clk 1:31:13]}
cxb3 {[%clk 1:21:43]} 14. axb3 {[%clk 1:31:36]} Nb7 {[%clk 1:14:14]} 15. b4
{[%clk 1:28:33]} Nd7 {[%clk 1:12:26]} 16. Be3 {[%clk 1:14:41]} Nb6 {[%clk
1:11:22]} 17. Na3 {[%clk 1:14:52]} Bd7 {[%clk 1:09:15]} 18. Nd2 {[%clk 1:13:22]}
Bd8 {[%clk 1:01:15]} 19. c4 {[%clk 0:47:27]} bxc4 {[%clk 0:49:27]} 20. Bxb6
{[%clk 0:46:33]} Qxb6 {[%clk 0:49:52]} 21. Naxc4 {[%clk 0:46:58]} Qd4 {[%clk
0:40:40]} 22. Ba4 {[%clk 0:40:19]} Bxa4 {[%clk 0:32:17]} 23. Rxa4 {[%clk
0:32:45]} f5 {[%clk 0:26:07]} 24. Qa1 {[%clk 0:32:48]} Qa7 {[%clk 0:12:39]} 25.
exf5 {[%clk 0:33:04]} Rxf5 {[%clk 0:12:37]} 26. Ne4 {[%clk 0:33:27]} Bc7 {[%clk
0:11:48]} 27. Re2 {[%clk 0:29:47]} Qd4 {[%clk 0:09:54]} 28. Qxd4 {[%clk 0:20:36]}
exd4 {[%clk 0:10:23]} 29. Ng3 {[%clk 0:21:01]} d3 {[%clk 0:06:15]} 30. Re7 {[%clk
0:19:05]} Rf7 {[%clk 0:06:27]} 31. Re3 {[%clk 0:16:28]} d2 {[%clk 0:03:23]} 32.
Nxd2 {[%clk 0:15:48]} Bb6 {[%clk 0:03:17]} 33. Re2 {[%clk 0:14:26]} Bd4 {[%clk
0:01:12]} 34. Nf3 {[%clk 0:14:20]} Bb6 {[%clk 0:01:01]} 35. Ng5 {[%clk 0:10:08]}
Rf4 {[%clk 0:00:50]} 36. Ne6 {[%clk 0:04:17]} Rc4 {[%clk 0:00:42]} 37. Nf5 {[%clk
0:03:58]} a5 {[%clk 0:00:39]} 38. Nexg7 {[%clk 0:02:26]} Rac8 {[%clk 0:00:34]}
39. Nh5 {[%clk 0:02:07]} Rf8 {[%clk 0:00:39]} 40. Nh6+ {[%clk 0:30:51]} Kh8
{[%clk 0:31:05]} 41. Ra3 {[%clk 0:21:59]} Bxf2+ {[%clk 0:24:31]} 42. Kh2 {[%clk
0:16:25]} Bh4 {[%clk 0:19:50]} 43. bxa5 {[%clk 0:13:03]} Rcc8 {[%clk 0:17:59]}
44. a6 {[%clk 0:11:41]} Nc5 {[%clk 0:16:53]} 45. a7 {[%clk 0:11:35]} Ra8 {[%clk
0:16:53]} 46. g4 {[%clk 0:10:54]} Nd7 {[%clk 0:15:41]} 47. Nf5 {[%clk 0:10:18]}
Bd8 {[%clk 0:15:23]} 48. Kg2 {[%clk 0:09:48]} Bb6 {[%clk 0:13:48]} 49. Re7 {[%clk
0:09:08]} Ne5 {[%clk 0:13:45]} 50. Rb3 {[%clk 0:06:19]} Nc4 {[%clk 0:10:39]} 51.
Rb4 {[%clk 0:06:16]} Rac8 {[%clk 0:09:50]} 52. a8Q {[%clk 0:05:59]} Rxa8 {[%clk
0:09:02]} 53. Rxc4 {[%clk 0:06:24]} Ra2+ {[%clk 0:09:19]} 54. Kg3 {[%clk
0:05:42]} Ra3+ {[%clk 0:08:51]} 55. Kf4 {[%clk 0:04:49]} Bd8 {[%clk 0:07:14]} 56.
Re3 {[%clk 0:03:57]} Ra5 {[%clk 0:07:25]} 57. Rd3 {[%clk 0:03:46]} Bh4 {[%clk
0:05:19]} 58. Rc6 {[%clk 0:02:40]} 1-0

[Event "Women's Baku Chess Olympiad"]
[Site "chess24.com"]
[Date "2016.09.09"]
[Round "7"]
[White "Rogule, Laura"]
[Black "Rapport, Jovana"]
[Result "1-0"]
[Board "1"]
[WhiteID "11601876"]
[WhiteElo "2306"]
[WhiteTitle "WGM"]
[WhiteCountry "LAT"]
[WhiteFideId "11601876"]
[WhiteEloChange "10"]
[BlackID "937266"]
[BlackElo "2318"]
[BlackTitle "WGM"]
[BlackCountry "SRB"]
[BlackFideId "937266"]
[BlackEloChange "-10"]

1. d4 {[%clk 1:30:56]} d6 {[%clk 1:28:30]} 2. Nf3 {[%clk 1:29:59]} Nf6 {[%clk
1:28:19]} 3. c4 {[%clk 1:26:20]} g6 {[%clk 1:28:24]} 4. g3 {[%clk 1:25:57]} Bg7
{[%clk 1:28:45]} 5. Bg2 {[%clk 1:26:15]} O-O {[%clk 1:29:01]} 6. Nc3 {[%clk
1:24:50]} Nc6 {[%clk 1:28:44]} 7. O-O {[%clk 1:24:54]} e5 {[%clk 1:29:04]} 8. e3
{[%clk 0:57:46]} Re8 {[%clk 1:17:48]} 9. d5 {[%clk 0:48:57]} Nb8 {[%clk 1:18:01]}
10. e4 {[%clk 0:45:23]} a5 {[%clk 1:17:13]} 11. Ne1 {[%clk 0:43:38]} Na6 {[%clk
1:14:59]} 12. a3 {[%clk 0:40:11]} Nc5 {[%clk 1:14:36]} 13. Be3 {[%clk 0:33:58]}
Nfd7 {[%clk 1:11:21]} 14. b4 {[%clk 0:32:39]} axb4 {[%clk 1:09:49]} 15. axb4
{[%clk 0:33:07]} Rxa1 {[%clk 1:10:13]} 16. Qxa1 {[%clk 0:33:34]} Nb3 {[%clk
1:10:26]} 17. Qd1 {[%clk 0:31:33]} Nd4 {[%clk 1:10:27]} 18. Nc2 {[%clk 0:29:27]}
Qf6 {[%clk 0:57:37]} 19. Bxd4 {[%clk 0:25:40]} exd4 {[%clk 0:57:53]} 20. Nb5
{[%clk 0:25:55]} Ne5 {[%clk 0:39:45]} 21. Ncxd4 {[%clk 0:22:33]} c6 {[%clk
0:38:04]} 22. Na3 {[%clk 0:15:29]} Bg4 {[%clk 0:30:54]} 23. f3 {[%clk 0:15:03]}
Bd7 {[%clk 0:19:39]} 24. dxc6 {[%clk 0:08:50]} bxc6 {[%clk 0:19:51]} 25. Ndc2
{[%clk 0:07:46]} Qe6 {[%clk 0:18:15]} 26. Qe2 {[%clk 0:07:42]} f5 {[%clk
0:18:27]} 27. exf5 {[%clk 0:03:52]} Qxf5 {[%clk 0:18:30]} 28. Qd1 {[%clk
0:02:55]} Nf7 {[%clk 0:17:45]} 29. f4 {[%clk 0:01:31]} Rb8 {[%clk 0:16:21]} 30.
Kh1 {[%clk 0:01:15]} Bb2 {[%clk 0:16:02]} 31. Qb1 {[%clk 0:00:46]} Qf6 {[%clk
0:16:01]} 32. b5 {[%clk 0:00:54]} cxb5 {[%clk 0:12:10]} 33. Nxb5 {[%clk 0:01:09]}
Bf5 {[%clk 0:12:09]} 34. Qd1 {[%clk 0:01:21]} Kh8 {[%clk 0:10:55]} 35. Ne3 {[%clk
0:01:37]} Nh6 {[%clk 0:11:19]} 36. Qxd6 {[%clk 0:00:56]} Qxd6 {[%clk 0:08:52]}
37. Nxd6 {[%clk 0:01:25]} Bd3 {[%clk 0:09:16]} 38. Rd1 {[%clk 0:01:37]} Be2
{[%clk 0:03:57]} 39. Rd2 {[%clk 0:01:57]} Bc1 {[%clk 0:00:56]} 40. Rxe2 {[%clk
0:32:17]} Bxe3 {[%clk 0:31:25]} 41. Rxe3 {[%clk 0:30:55]} Rb1+ {[%clk 0:31:50]}
42. Bf1 {[%clk 0:31:21]} Rxf1+ {[%clk 0:32:13]} 43. Kg2 {[%clk 0:31:46]} Rd1
{[%clk 0:32:40]} 44. c5 {[%clk 0:26:37]} Rc1 {[%clk 0:29:14]} 45. Ne4 {[%clk
0:17:31]} Rc4 {[%clk 0:28:29]} 46. Kf3 {[%clk 0:17:32]} Nf5 {[%clk 0:28:40]} 47.
Rc3 {[%clk 0:17:20]} Nd4+ {[%clk 0:28:29]} 48. Kf2 {[%clk 0:07:54]} Ra4 {[%clk
0:28:54]} 49. Nd2 {[%clk 0:07:13]} Ra2 {[%clk 0:26:53]} 50. Ke3 {[%clk 0:07:18]}
Nc6 {[%clk 0:25:59]} 51. Nf3 {[%clk 0:07:15]} Kg7 {[%clk 0:25:25]} 52. Ne5 {[%clk
0:05:32]} Ne7 {[%clk 0:25:04]} 53. Kd4 {[%clk 0:03:58]} Rxh2 {[%clk 0:25:07]} 54.
c6 {[%clk 0:04:18]} h5 {[%clk 0:22:22]} 55. c7 {[%clk 0:04:22]} Rh3 {[%clk
0:21:44]} 56. c8Q {[%clk 0:03:58]} Nxc8 {[%clk 0:22:10]} 57. Rxc8 {[%clk
0:04:06]} Rxg3 {[%clk 0:22:26]} 58. Rc7+ {[%clk 0:04:27]} Kg8 {[%clk 0:13:37]}
59. Kd5 {[%clk 0:04:01]} h4 {[%clk 0:13:54]} 60. Ke6 {[%clk 0:03:50]} Ra3 {[%clk
0:14:20]} 61. Kf6 {[%clk 0:03:33]} Ra6+ {[%clk 0:14:40]} 62. Kg5 {[%clk 0:03:31]}
h3 {[%clk 0:14:39]} 63. Rc3 {[%clk 0:03:16]} h2 {[%clk 0:12:32]} 64. Rh3 {[%clk
0:03:42]} Ra1 {[%clk 0:11:46]} 65. Rxh2 {[%clk 0:04:03]} Kg7 {[%clk 0:12:11]} 66.
Rg2 {[%clk 0:03:36]} Rf1 {[%clk 0:05:58]} 67. Nxg6 {[%clk 0:03:56]} Rf3 {[%clk
0:06:25]} 68. Ne5 {[%clk 0:04:06]} Rf1 {[%clk 0:06:48]} 69. Rb2 {[%clk 0:04:07]}
1-0

[Event "Women's Baku Chess Olympiad"]
[Site "chess24.com"]
[Date "2016.09.09"]
[Round "7"]
[White "Fernandez, Maria Florencia"]
[Black "Bengtsson, Jessica"]
[Result "1-0"]
[Board "3"]
[WhiteID "116459"]
[WhiteElo "2189"]
[WhiteTitle "WIM"]
[WhiteCountry "ARG"]
[WhiteFideId "116459"]
[WhiteEloChange "5"]
[BlackID "1711083"]
[BlackElo "2005"]
[BlackCountry "SWE"]
[BlackFideId "1711083"]
[BlackEloChange "-5"]

1. d4 {[%clk 1:30:56]} Nf6 {[%clk 1:30:46]} 2. c4 {[%clk 1:31:15]} e6 {[%clk
1:31:05]} 3. Nc3 {[%clk 1:30:29]} Bb4 {[%clk 1:30:58]} 4. e3 {[%clk 1:30:44]} O-O
{[%clk 1:30:11]} 5. Ne2 {[%clk 1:31:12]} d5 {[%clk 1:30:05]} 6. a3 {[%clk
1:31:36]} Bd6 {[%clk 1:30:14]} 7. Ng3 {[%clk 1:29:01]} Re8 {[%clk 1:24:53]} 8.
cxd5 {[%clk 1:27:27]} exd5 {[%clk 1:24:55]} 9. Bd3 {[%clk 1:27:24]} b6 {[%clk
1:17:39]} 10. O-O {[%clk 1:22:17]} c5 {[%clk 1:08:01]} 11. Nf5 {[%clk 1:20:04]}
Bf8 {[%clk 1:07:02]} 12. f3 {[%clk 1:17:17]} g6 {[%clk 1:03:55]} 13. Ng3 {[%clk
1:17:22]} Bg7 {[%clk 0:58:13]} 14. Nge2 {[%clk 1:09:01]} Nc6 {[%clk 0:53:34]} 15.
Bb5 {[%clk 1:02:15]} Bb7 {[%clk 0:44:48]} 16. dxc5 {[%clk 0:53:54]} bxc5 {[%clk
0:44:44]} 17. Nf4 {[%clk 0:53:42]} a6 {[%clk 0:37:19]} 18. Ba4 {[%clk 0:53:09]}
d4 {[%clk 0:35:29]} 19. exd4 {[%clk 0:53:25]} cxd4 {[%clk 0:29:56]} 20. Na2
{[%clk 0:44:30]} Qb6 {[%clk 0:26:33]} 21. Kh1 {[%clk 0:42:39]} Red8 {[%clk
0:25:26]} 22. Bd2 {[%clk 0:37:13]} Rac8 {[%clk 0:17:53]} 23. Re1 {[%clk 0:25:36]}
a5 {[%clk 0:16:17]} 24. Nc1 {[%clk 0:24:50]} Nd5 {[%clk 0:13:27]} 25. Nxd5 {[%clk
0:24:51]} Rxd5 {[%clk 0:13:51]} 26. Nd3 {[%clk 0:23:23]} Ba6 {[%clk 0:13:20]} 27.
Nf4 {[%clk 0:20:48]} Rdd8 {[%clk 0:13:12]} 28. Bb3 {[%clk 0:19:55]} Rb8 {[%clk
0:12:27]} 29. Ba4 {[%clk 0:17:57]} Ne5 {[%clk 0:12:11]} 30. b3 {[%clk 0:17:34]}
Bb7 {[%clk 0:10:38]} 31. Qe2 {[%clk 0:14:53]} d3 {[%clk 0:07:45]} 32. Qf1 {[%clk
0:14:38]} Qa7 {[%clk 0:05:50]} 33. Rac1 {[%clk 0:13:14]} Rbc8 {[%clk 0:04:01]}
34. Bb5 {[%clk 0:13:14]} Rxc1 {[%clk 0:03:39]} 35. Rxc1 {[%clk 0:13:38]} Qb6
{[%clk 0:01:58]} 36. a4 {[%clk 0:13:32]} Ba6 {[%clk 0:02:05]} 37. Bxa6 {[%clk
0:12:22]} Qxa6 {[%clk 0:02:33]} 38. Rc5 {[%clk 0:12:32]} Nc6 {[%clk 0:01:21]} 39.
Qe1 {[%clk 0:07:30]} Nb4 {[%clk 0:01:11]} 40. Qe7 {[%clk 0:35:30]} Bf6 {[%clk
0:30:41]} 41. Qc7 {[%clk 0:33:10]} Ra8 {[%clk 0:18:39]} 42. h3 {[%clk 0:22:47]}
Bd4 {[%clk 0:13:32]} 43. Rb5 {[%clk 0:19:07]} Rc8 {[%clk 0:06:51]} 44. Qd7 {[%clk
0:16:05]} Bf6 {[%clk 0:03:04]} 45. Rb7 {[%clk 0:10:46]} Rf8 {[%clk 0:03:16]} 46.
Bxb4 {[%clk 0:10:29]} axb4 {[%clk 0:03:37]} 47. Nxd3 {[%clk 0:10:29]} Bc3 {[%clk
0:03:11]} 48. f4 {[%clk 0:03:05]} Qf6 {[%clk 0:02:56]} 49. Qe7 {[%clk 0:02:27]}
Qf5 {[%clk 0:01:30]} 50. Rd7 {[%clk 0:02:12]} Bf6 {[%clk 0:00:43]} 51. Qd6 {[%clk
0:02:18]} Re8 {[%clk 0:00:34]} 52. Qd5 {[%clk 0:01:53]} Qxd5 {[%clk 0:00:41]} 53.
Rxd5 {[%clk 0:02:21]} Bc3 {[%clk 0:00:46]} 54. Rb5 {[%clk 0:02:34]} Re4 {[%clk
0:00:59]} 55. a5 {[%clk 0:01:42]} Rd4 {[%clk 0:00:37]} 56. a6 {[%clk 0:01:31]}
Rxd3 {[%clk 0:00:37]} 57. a7 {[%clk 0:01:58]} Rd1+ {[%clk 0:00:48]} 58. Kh2
{[%clk 0:02:25]} Ra1 {[%clk 0:01:01]} 59. Rb8+ {[%clk 0:02:51]} Kg7 {[%clk
0:01:27]} 60. a8Q {[%clk 0:03:15]} Rxa8 {[%clk 0:01:53]} 61. Rxa8 {[%clk
0:03:42]} h5 {[%clk 0:00:44]} 62. g4 {[%clk 0:03:27]} hxg4 {[%clk 0:01:09]} 63.
hxg4 {[%clk 0:03:53]} Kf6 {[%clk 0:00:53]} 64. Re8 {[%clk 0:04:09]} Kg7 {[%clk
0:00:41]} 65. Kg3 {[%clk 0:04:19]} Kf6 {[%clk 0:00:40]} 66. Kf3 {[%clk 0:04:43]}
Kg7 {[%clk 0:00:40]} 67. Ke4 {[%clk 0:05:08]} Bd2 {[%clk 0:00:53]} 68. Rd8 {[%clk
0:05:16]} Bc3 {[%clk 0:01:15]} 69. Kd3 {[%clk 0:03:57]} Kf6 {[%clk 0:01:15]} 70.
Rc8 {[%clk 0:04:10]} Bb2 {[%clk 0:00:42]} 71. Rc4 {[%clk 0:04:23]} Ba3 {[%clk
0:00:50]} 72. Rc6+ {[%clk 0:04:34]} Ke7 {[%clk 0:00:52]} 73. Kc4 {[%clk 0:04:07]}
f6 {[%clk 0:00:36]} 74. Kd5 {[%clk 0:03:41]} Bb2 {[%clk 0:00:38]} 75. Rc7+ {[%clk
0:04:01]} Kf8 {[%clk 0:00:58]} 76. Ke6 {[%clk 0:04:14]} g5 {[%clk 0:00:45]} 77.
f5 {[%clk 0:04:34]} Bc3 {[%clk 0:00:43]} 78. Rf7+ {[%clk 0:04:59]} 1-0